Diseño y simulación de un intercambiador de calor sumergido de contacto directo con salmueras en un pozo geotérmico
Na minha lista:
| Autor principal: | |
|---|---|
| Outros Autores: | |
| Formato: | Livro |
| Idioma: | Spanish |
| Publicado em: |
San José, Costa Rica
2010
|
| Assuntos: | |
| Tags: |
Adicionar Tag
Sem tags, seja o primeiro a adicionar uma tag!
|
MARC
| LEADER | 00000nam a2200000Ia 4500 | ||
|---|---|---|---|
| 003 | 010224 | ||
| 005 | 20230927111250.0 | ||
| 008 | 140114s201 cr a 000 ||spa d | ||
| 040 | |c cru CEDI | ||
| 090 | |a TFG 6278 | ||
| 100 | |a Ramírez Cover, Eduardo, 1983- |9 1644 | ||
| 245 | |a Diseño y simulación de un intercambiador de calor sumergido de contacto directo con salmueras en un pozo geotérmico | ||
| 260 | |a San José, Costa Rica |c 2010 | ||
| 300 | |a viii, 109, [3] hojas : ilustraciones, 1 mapa. | ||
| 500 | |a Tesis (licenciatura en ingeniería química)--Universidad de Costa Rica. Facultad de Ingeniería. Escuela de Ingeniería Química | ||
| 501 | |a Director de Tesis de Graduación: Ing. Adolfo Ulate Brenes, M.Sc. | ||
| 610 | 0 | |9 1645 |a INSTITUTO COSTARRICENSE DE ELECTRICIDAD. CENTRO DE SERVICIO EN INVESTIGACIÓN Y DESARROLLO. PROYECTO DE BAJA ENTALPÍA | |
| 650 | |x INTERCAMBIADORES DE CALOR |x DISEÑO Y CONSTRUCCION |x PRESUPUESTOS |x SIMULACION (MATEMATICAS) |x TRANSMISION DEL CALOR |x ENERGIA GEOTERMICA |x OROSI (PARAISO, CARTAGO, COSTA RICA) |x INGENIERÍA QUÍMICA |9 2781 | ||
| 700 | |9 20 |a Ulate Brenes, Adolfo Mauricio,1977- |d Director del TFG | ||
| 942 | |c CEDI | ||
| 999 | |c 15926 |d 15926 | ||
